Foundations of modern sociology / (Record no. 19402)

MARC details
000 -LEADER
fixed length control field 01022pam a2200289 i 4500
001 - CONTROL NUMBER
control field 4154873
003 - CONTROL NUMBER IDENTIFIER
control field BDDh-ASL
005 - DATE AND TIME OF LATEST TRANSACTION
control field 20231015025759.0
008 - FIXED-LENGTH DATA ELEMENTS--GENERAL INFORMATION
fixed length control field 780831s1979 njua b 001 0 eng
010 ## - LIBRARY OF CONGRESS CONTROL NUMBER
LC control number 78010373
020 ## - INTERNATIONAL STANDARD BOOK NUMBER
International Standard Book Number 013330308X
040 ## - CATALOGING SOURCE
Original cataloging agency DLC
Transcribing agency DLC
Modifying agency BDDh-ASL
050 00 - LIBRARY OF CONGRESS CALL NUMBER
Classification number HM51
Item number .S86 1979
082 00 - DEWEY DECIMAL CLASSIFICATION NUMBER
Classification number 301
Item number SPF
100 1# - MAIN ENTRY--PERSONAL NAME
Personal name Spencer, Metta,
Dates associated with a name 1931-
245 10 - TITLE STATEMENT
Title Foundations of modern sociology /
Statement of responsibility, etc. Metta Spencer ; with the editorial collaboration of Alex Inkeles.
250 ## - EDITION STATEMENT
Edition statement 2d ed.
260 ## - PUBLICATION, DISTRIBUTION, ETC.
Place of publication, distribution, etc. Englewood Cliffs, N.J. :
Name of publisher, distributor, etc. Prentice-Hall,
Date of publication, distribution, etc. c1979.
300 ## - PHYSICAL DESCRIPTION
Extent xviii, 621 p. :
Other physical details ill. ;
Dimensions 26 cm.
490 0# - SERIES STATEMENT
Series statement Prentice-Hall foundations of modern sociology series
500 ## - GENERAL NOTE
General note "With contributions from books in the Foundations of modern sociology series by Joseph Ben-David ... [et al.]."
504 ## - BIBLIOGRAPHY, ETC. NOTE
Bibliography, etc. note Includes bibliographies and indexes.
650 #0 - SUBJECT ADDED ENTRY--TOPICAL TERM
Topical term or geographic name entry element Sociology.
650 #0 - SUBJECT ADDED ENTRY--TOPICAL TERM
Topical term or geographic name entry element Social history
Chronological subdivision 20th century.
906 ## - LOCAL DATA ELEMENT F, LDF (RLIN)
a 7
b cbc
c orignew
d 1
e ocip
f 19
g y-gencatlg
942 ## - ADDED ENTRY ELEMENTS (KOHA)
Source of classification or shelving scheme Dewey Decimal Classification
Koha item type Books
Holdings
Withdrawn status Lost status Source of classification or shelving scheme Damaged status Not for loan Collection code Home library Current library Shelving location Date acquired Source of acquisition Total Checkouts Full call number Barcode Date last seen Copy number Price effective from Koha item type
    Dewey Decimal Classification     Non-fiction Asiatic Society Library Asiatic Society Library Sirajul Islam Collection 11/26/2020 Donated by Professor Sirajul Islam, FRHS   301 SPF 102728 11/26/2020 C-1 11/26/2020 Books

Powered by Koha